La guerra del 47 y la resistencia popular a la ocupación (notice nᵒ 11246)
[ vue normale ]
| 000 -Sello discográfico | |
|---|---|
| campo de control de longitud fija | 00948nam a2200289 4500 |
| 005 - Identificación de versión | |
| campo de control | 20251016083855.0 |
| 035 ## - Otros números de control del sistema | |
| Número de control del sistema | 13053 |
| 099 ## - fechas locales | |
| Tipo de ítem Koha | LIBRO |
| 100 ## - Datos de procesamiento general | |
| Datos de procesamiento general | 20040428d1976 m y1spay5003 ba |
| 105 ## - Campo de datos codificados: Material textual, monográfico | |
| Datos codificados de monografía | y 001zy |
| 200 1# - Título y mención de responsabilidad | |
| Título propio | La guerra del 47 y la resistencia popular a la ocupación |
| Designación general del material | texto impreso |
| Primer mención de responsabilidad | Gilberto López y Rivas |
| 205 ## - Declaración de edición | |
| Declaración de edición | 1a ed |
| 210 ## - Publicación, distribución, etc. | |
| Lugar de publicación, distribución, etc. | México |
| Nombre del editor, distribuidor, etc. | Editorial Nuestro Tiempo |
| Fecha de publicación, distribución, etc. | 1976 |
| 215 ## - Descripción física | |
| Designación de material específico y extensión del ítem | 207 p |
| Dimensiones | 19 cm |
| 345 ## - Nota de información de adquisición | |
| Fuente de adquisición/dirección de la suscripción [OBSOLETO] | Donación |
| 410 #1 - Series | |
| Título | Colección Teoría e Historia |
| 607 ## - Nombre geográfico utilizado como tema | |
| Elemento de entrada | Estados Unidos |
| Subdivisión temática | Historia |
| Subdivisión cronológica | Guerra con México, 1845-1848 |
| Número Koha | 2356 |
| 607 ## - Nombre geográfico utilizado como tema | |
| Elemento de entrada | México |
| Subdivisión temática | Historia |
| Subdivisión cronológica | Guerra con Estados Unidos, 1845-1848 |
| Número Koha | 487 |
| 700 ## - Nombre personal - Responsabilidad primaria | |
| Elemento de entrada | López y Rivas |
| Parte del nombre distinta del elemento de entrada | Gilberto |
| Fechas | 1943- |
| Número Koha | 9071 |
| 801 #0 - Fuente de origen | |
| Agencia | cm |
| 900 ## - | |
| -- | 1/7260 |
| 900 ## - | |
| -- | 7100419024\280404 |
| 942 ## - ELEMENTOS DE ENTRADA SECUNDARIOS (KOHA) | |
| Tipo de ítem Koha | Livre |
| 996 ## - | |
| -- | MEX |
| -- | 751145101 |
| -- | MMAG |
| -- | 007145 |
| -- | 972.05 L864G |
| -- | 20221202LIV |
| Estatus retirado | Estado de daño | Estado de pérdida | Fecha de adquisición | Biblioteca de origen | Biblioteca actual | Ubicación en estantería | Código de barras | Precio de reemplazo | Signatura topográfica completa | No para préstamo | Tipo de ítem Koha | Nota pública | Nota no pública |
|---|---|---|---|---|---|---|---|---|---|---|---|---|---|
| 05/08/2025 | Casa México Paris | Casa México Paris | 007145 | 05/08/2025 | 972.05 L864G | Livre | 20221202LIV | 751145101 |